000 00377nam a2200157Ia 4500
005 20240620044646.0
008 240331s9999 xx 000 0 und d
082 _bGAN
_a891.48
100 _aGanesalingan, S
245 0 _aSevvanam
_cS. Ganeshalingan
260 _aChennai
_bKumaran Publishers
_c1997
300 _a302 p .,
650 _aSocial
650 _aGender
942 _cL
999 _c3915
_d3915